Obálka Náhled e-knihy:
Epub
Pro půjčování e-knih musíte být přihlášeni.
Jak si půjčit online?

Here Today, Gone Tomorrow /

Her visions were never quite right. Until now. Shy, dreamy Emily Sanders has a gift for seeing the future, but her premonitions aren't always quite right, and her classmates usually don't take her seriously. As Emily battles to master her erratic visions, they begin to sharpen, revealing a...

Celý popis

Uloženo v:
Série:Gifted, část 3
Hlavní autor: Kaye, Marilyn (Autor)
Médium: E-kniha
Jazyk:Czech
Vydáno: Praha : Saga Egmont, 2026
Příbuzné jednotky:Z cyklu:: Gifted
Tagy:
Žádné tagy
LEADER 02085nam a22002417i 4500
001 313612
007 ta
008 260604s2026 xr ||||| |||| 00| 0 cze d
020 |a 9990004261655 
044 |a xr 
100 1 |a  Kaye, Marilyn  |4 aut 
245 1 0 |a Here Today, Gone Tomorrow /  |c  Kaye, Marilyn 
264 1 |a Praha :  |b Saga Egmont,  |c 2026 
300 |a 1 online zdroj (218 stran) 
336 |a text  |b txt  |2 rdacontent 
337 |a bez média  |b n  |2 rdamedia 
338 |a online zdroj  |b cr  |2 rdacarrier 
520 2 |a Her visions were never quite right. Until now. Shy, dreamy Emily Sanders has a gift for seeing the future, but her premonitions aren't always quite right, and her classmates usually don't take her seriously. As Emily battles to master her erratic visions, they begin to sharpen, revealing a looming danger to her school. Soon, her sceptical peers find themselves facing an inescapable crisis, forced to rely on the girl they once ignored. But with disaster on the horizon, will Emily's newfound clarity arrive in time to avert catastrophe? Perfect for young readers who enjoy a mix of school drama and paranormal adventure, this light-hearted action-adventure series was adapted into a hit CBBC television drama in 2025. Gifted Meadowbrook Middle School is an ordinary school with ordinary students-except for the Nine. These students look like the others, but they\'re not. You could call it a skill, a talent or a disadvantage, but each of these students is unique—they're gifted. Marilyn Kaye is an acclaimed author of young adult and middle-grade fiction, best known for her “Replica,” “Gifted,” and “Out of This World” series. 
787 0 8 |g 3  |i Z cyklu:  |t Gifted 
910 |a RBIT002 
998 |d 426165  |a https://core.palmknihy.cz/api/books/426165/cover?td9zge  |b https://core.palmknihy.cz/api/books/426165/cover/400?td9zge  |c https://core.palmknihy.cz/api/books/426165/cover/50?td9zge  |e   |g 218  |i 9990004261655  |j https://core.palmknihy.cz/api/books/426165/preview.epub  |l   |q 49  |r 1  |s https://www.palmknihy.cz/kniha/426165  |t ebook  |y 2026  |z 1  |v Gifted  |w 3 
999 |d 313610